Production monitoring enhances SPC.
Popis prepojeného monitorovacieho systému so snímaním údajov na jednotlivých výrobných zariadeniach u firmy produkujúcej výrobky z plastov. Systém umožňuje okamžité štatistické riadenie procesu za použitia procesorov na zhromaždenie údajov priamo zo vstrekovacích lisov a ručných kalibrátorov na mera...
Gespeichert in:
| 1. Verfasser: | |
|---|---|
| Format: | Buchkapitel |
| Sprache: | Englisch |
| Schlagworte: | |
| Tags: |
Keine Tags, Fügen Sie das erste Tag hinzu!
|
MARC
| LEADER | 00000naa a2200000 4500 | ||
|---|---|---|---|
| 001 | r007356 | ||
| 005 | 20221213084439.9 | ||
| 041 | 0 | |a eng | |
| 044 | |a US | ||
| 245 | 1 | 0 | |a Production monitoring enhances SPC. |c T.E. Umscheid |
| 520 | |a Popis prepojeného monitorovacieho systému so snímaním údajov na jednotlivých výrobných zariadeniach u firmy produkujúcej výrobky z plastov. Systém umožňuje okamžité štatistické riadenie procesu za použitia procesorov na zhromaždenie údajov priamo zo vstrekovacích lisov a ručných kalibrátorov na meranie hotových výrobkov. Údaje z výroby a z riadenia procesu sa spracúvajú v reálnom čase a prenášajú na videomonitor pri každom stroji. Popis prevádzky a výhody. | ||
| 610 | 2 | 0 | |a riadenie výroby |
| 610 | 2 | 0 | |a proces výrobný |
| 610 | 2 | 0 | |a procesory |
| 610 | 2 | 0 | |a štatistika |
| 610 | 2 | 0 | |a metódy riadenia |
| 610 | 2 | 0 | |a meranie produkcie |
| 610 | 2 | 0 | |a metódy štatistické |
| 100 | 1 | |a Umscheid, T.E. | |